[Event "Niederoesterreich Landesliga 1718"]
[Site "Austria"]
[Date "2017.10.29"]
[Round "3.4"]
[White "Lechner, Daniel"]
[Black "Trippold, Denise"]
[Result "1-0"]
[WhiteElo "2192"]
[BlackElo "2084"]
[PlyCount "83"]
[EventDate "2017.10.01"]
[EventType "team-tourn"]
[EventRounds "11"]
[EventCountry "AUT"]
[SourceTitle "EXT 2019"]
[Source "ChessBase"]
[SourceDate "2018.10.10"]
[SourceVersion "1"]
[SourceVersionDate "2018.10.10"]
[SourceQuality "1"]
[WhiteTeam "Kottingbrunn"]
[BlackTeam "Baden Invest II"]
[WhiteTeamCountry "AUT"]
[BlackTeamCountry "AUT"]

1. d4 Nf6 2. c4 e6 3. g3 c5 4. d5 exd5 5. cxd5 d6 6. Bg2 g6 7. Nc3 Bg7 8. Nf3 0-0 9. 0-0 Re8 10. Nd2 a6 11. a4 Nbd7 12. h3 Rb8 13. Nc4 Ne5 14. Na3 Nh5 15. e4 Bd7 16. a5 b5 17. axb6 Bb5 18. Naxb5 axb5 19. Nxb5 Qxb6 20. Nc3 c4 21. Rb1 Nf6 22. Be3 Qb4 23. Ne2 Ned7 24. Nd4 Ra8 25. Nc6 Qb3 26. Bd4 Nxe4 27. Bxg7 Qxd1 28. Rfxd1 Kxg7 29. Rbc1 Nb6 30. Rc2 Ra2 31. Rd4 Nc5 32. Bf1 Ra1 33. Kg2 Nb3 34. Rf4 g5 35. Rg4 h6 36. Nd4 Re5 37. Bxc4 Nxc4 38. Nxb3 f5 39. Rgxc4 Rd1 40. Rd2 Rxd2 41. Nxd2 Rxd5 42. Nf3 1-0

[Event "Niederoesterreich Landesliga 1718"]
[Site "Austria"]
[Date "2017.10.15"]
[Round "2.4"]
[White "Ayatollahi, Ehsan"]
[Black "Lechner, Daniel"]
[Result "1/2-1/2"]
[WhiteElo "1931"]
[BlackElo "2192"]
[PlyCount "137"]
[EventDate "2017.10.01"]
[EventType "team-tourn"]
[EventRounds "11"]
[EventCountry "AUT"]
[SourceTitle "EXT 2019"]
[Source "ChessBase"]
[SourceDate "2018.10.10"]
[SourceVersion "1"]
[SourceVersionDate "2018.10.10"]
[SourceQuality "1"]
[WhiteTeam "Bisamberg/Korneuburg"]
[BlackTeam "Kottingbrunn"]
[WhiteTeamCountry "AUT"]
[BlackTeamCountry "AUT"]

1. d4 Nf6 2. c4 g6 3. Nc3 d5 4. cxd5 Nxd5 5. e4 Nxc3 6. bxc3 Bg7 7. Bc4 c5 8. Ne2 Nc6 9. Be3 0-0 10. 0-0 e6 11. Qd2 Qa5 12. Rad1 b6 13. f4 cxd4 14. cxd4 Qxd2 15. Rxd2 Na5 16. Bd3 Bb7 17. Rc1 Rfc8 18. Rdc2 Rxc2 19. Rxc2 Rc8 20. Rxc8+ Bxc8 21. g4 Bb7 22. Bd2 Kf8 23. Kf2 Ke7 24. Bb4+ Kd7 25. Ke3 Nc6 26. Bc3 Ne7 27. Bb5+ Kd8 28. Bc4 Kd7 29. d5 Bxc3 30. dxe6+ fxe6 31. Nxc3 Nc6 32. e5 Ke7 33. Ne4 Na5 34. Bd3 Bd5 35. Nc3 Bc6 36. Nb5 Bxb5 37. Bxb5 Nb7 38. Kd4 Nc5 39. Bc6 Kd8 40. h4 Ke7 41. Bf3 Kf7 42. Kc4 Ke7 43. Kd4 Kf7 44. Bd1 Na6 45. Kc4 Nc7 46. Bf3 Kf8 47. Bc6 Kf7 48. Kd4 Na6 49. Ba4 Nc7 50. Bb3 Ke7 51. Bc4 h6 52. Ke4 b5 53. Bb3 a5 54. f5 gxf5+ 55. gxf5 exf5+ 56. Kxf5 a4 57. Bc2 Nd5 58. Bd3 Nc3 59. a3 h5 60. e6 b4 61. axb4 a3 62. Bc4 a2 63. Bxa2 Nxa2 64. b5 Nc3 65. b6 Nb5 66. Ke5 Nd6 67. Kd5 Nb7 68. Ke5 Nc5 69. Kd5 1/2-1/2

[Event "Niederoesterreich Landesliga 1617"]
[Site "Austria"]
[Date "2017.02.26"]
[Round "8.1"]
[White "Lechner, Daniel"]
[Black "Froewis, Georg"]
[Result "0-1"]
[WhiteElo "2220"]
[BlackElo "2449"]
[PlyCount "64"]
[EventDate "2016.10.02"]
[EventType "team-tourn"]
[EventRounds "11"]
[EventCountry "AUT"]
[SourceTitle "EXT 2018"]
[Source "ChessBase"]
[SourceDate "2017.10.13"]
[SourceVersion "1"]
[SourceVersionDate "2017.10.13"]
[SourceQuality "1"]
[WhiteTeam "Kottingbrunn"]
[BlackTeam "Krems Voest"]
[WhiteTeamCountry "AUT"]
[BlackTeamCountry "AUT"]

1. d4 d5 2. c4 e6 3. Nf3 Nf6 4. g3 dxc4 5. Bg2 Nc6 6. 0-0 Rb8 7. Bg5 Be7 8. e3 b5 9. b3 Na5 10. bxc4 Nxc4 11. Qb3 0-0 12. Nc3 a6 13. Rfd1 Bb7 14. Rac1 h6 15. Bxf6 Bxf6 16. e4 c6 17. Bf1 Na5 18. Qc2 Be7 19. Ne5 Qc7 20. Nd3 Rbd8 21. Ne2 Ba3 22. Rb1 Nc4 23. Bg2 c5 24. dxc5 Bxc5 25. Nxc5 Qxc5 26. Rbc1 Qb6 27. Nc3 Rxd1+ 28. Rxd1 Rc8 29. Qb3 Rd8 30. a4 Rxd1+ 31. Nxd1 Qd4 32. axb5 axb5 0-1

[Event "Vienna op"]
[Site "Vienna"]
[Date "2015.08.16"]
[Round "2"]
[White "Lechner, Daniel"]
[Black "Dizdarevic, Emir"]
[Result "0-1"]
[WhiteElo "2232"]
[BlackElo "2540"]
[PlyCount "82"]
[EventDate "2015.08.15"]
[EventType "swiss"]
[EventRounds "9"]
[EventCountry "AUT"]
[SourceTitle "EXT 2016"]
[Source "ChessBase"]
[SourceDate "2015.10.08"]
[SourceVersion "1"]
[SourceVersionDate "2015.10.08"]
[SourceQuality "1"]

1. d4 e6 2. c4 Nf6 3. g3 d5 4. Nf3 Bb4+ 5. Bd2 Be7 6. Bg2 0-0 7. 0-0 c6 8. Qc2 b6 9. Bf4 Bb7 10. Nbd2 Nh5 11. Be3 Nd7 12. Rfd1 Rc8 13. b3 f5 14. Nf1 Qe8 15. Qb2 Bd6 16. Ne5 Nhf6 17. Rac1 Qe7 18. Nxd7 Nxd7 19. Qd2 h6 20. Rc2 Nf6 21. Bf4 Bb4 22. Qc1 Ba3 23. Qa1 Ne4 24. Nd2 Rfd8 25. Nxe4 dxe4 26. f3 c5 27. dxc5 Bxc5+ 28. Kf1 e5 29. Bd2 exf3 30. Bxf3 Bxf3 31. exf3 Rd3 32. Bc3 Rxf3+ 33. Kg2 e4 34. Re2 f4 35. Be5 Rxg3+ 36. hxg3 f3+ 37. Kf1 fxe2+ 38. Kxe2 Qf7 39. Rf1 Qh5+ 40. Ke1 Rd8 41. Bc3 Qg5 0-1

[Event "Vienna Husek op-A"]
[Site "Vienna"]
[Date "2012.08.15"]
[Round "3"]
[White "Erholsam Holzer, Leo"]
[Black "Lechner, Daniel"]
[Result "0-1"]
[WhiteElo "2049"]
[BlackElo "2221"]
[PlyCount "68"]
[EventDate "2012.08.13"]
[EventType "swiss"]
[EventRounds "7"]
[EventCountry "AUT"]
[SourceTitle "EXT 2014"]
[Source "ChessBase"]
[SourceDate "2013.11.20"]
[SourceVersion "1"]
[SourceVersionDate "2013.11.20"]
[SourceQuality "1"]

1. e4 c5 2. Nf3 d6 3. d4 cxd4 4. Qxd4 a6 5. Bc4 Nc6 6. Qd1 Nf6 7. Nc3 e6 8. Bd3 Be7 9. 0-0 0-0 10. a4 Bd7 11. Re1 Qc7 12. Bf4 e5 13. Bg5 Nb4 14. Qd2 Rac8 15. Nb5 axb5 16. Qxb4 bxa4 17. Nxe5 Be8 18. Bxf6 Bxf6 19. Ng4 Be7 20. Qd4 h5 21. Ne3 Bf6 22. Qb4 Qc5 23. Qxc5 Rxc5 24. Ra2 Bc6 25. Kf1 b5 26. b4 axb3 27. cxb3 Rc3 28. Ra6 Rc8 29. Rd1 Rxb3 30. Bc2 Rc3 31. Rxd6 b4 32. Rb6 Be7 33. Rd3 Bc5 34. Rxc3 Bxb6 0-1

[Event "Niederoesterreich Landesliga 1112"]
[Site "Austria"]
[Date "2011.10.26"]
[Round "3"]
[White "Lechner, Daniel"]
[Black "Wallner, Joachim"]
[Result "0-1"]
[WhiteElo "2126"]
[BlackElo "2314"]
[PlyCount "130"]
[EventDate "2011.09.18"]
[EventType "team-tourn"]
[EventRounds "11"]
[EventCountry "AUT"]
[SourceTitle "EXT 2022"]
[Source "ChessBase"]
[SourceDate "2021.10.06"]
[SourceVersion "1"]
[SourceVersionDate "2021.10.06"]
[SourceQuality "1"]

1. d4 d5 2. c4 c6 3. Nf3 Nf6 4. e3 Bg4 5. Nbd2 e6 6. Bd3 Nbd7 7. 0-0 Be7 8. b3 Bh5 9. Bb2 Bg6 10. Qc2 Bxd3 11. Qxd3 0-0 12. e4 dxe4 13. Nxe4 Nxe4 14. Qxe4 Re8 15. Rad1 Qa5 16. a3 Rad8 17. Rfe1 Nf6 18. Qc2 a6 19. h3 Rc8 20. Ne5 Qc7 21. Qe2 Bd6 22. Qf3 Qe7 23. a4 Red8 24. g3 Bb8 25. Nd3 Rd7 26. Nc5 Rdd8 27. Nd3 Bd6 28. Ne5 h6 29. Ng4 Nxg4 30. Qxg4 Ba3 31. Ba1 Qg5 32. Qf3 Rc7 33. Re4 Bf8 34. h4 Qf5 35. Qe2 Rcd7 36. Re1 Qh3 37. h5 Be7 38. d5 cxd5 39. Rg4 Bf8 40. Bf6 Re8 41. Qf3 dxc4 42. Rxc4 Rd5 43. Bh4 Qf5 44. Qxf5 Rxf5 45. g4 Rd5 46. Re2 b5 47. axb5 axb5 48. Rce4 Rc8 49. R2e3 Rc2 50. Kg2 Rdd2 51. Rf3 b4 52. Ref4 f6 53. Bxf6 gxf6 54. Rxf6 Bg7 55. Rxe6 Rc8 56. Rg6 Rd4 57. Kg3 Rc3 58. g5 Kh7 59. gxh6 Bxh6 60. Rgf6 Bg7 61. Rb6 Rxf3+ 62. Kxf3 Rd3+ 63. Ke2 Rxb3 64. Kd2 Rb2+ 65. Ke3 b3 0-1

[Event "Oberwart op"]
[Site "Oberwart"]
[Date "2010.07.18"]
[Round "9"]
[White "Schreiner, Peter"]
[Black "Lechner, Daniel"]
[Result "1/2-1/2"]
[WhiteElo "2275"]
[BlackElo "2131"]
[PlyCount "65"]
[EventDate "2010.07.10"]
[EventType "swiss"]
[EventRounds "9"]
[EventCountry "AUT"]
[SourceTitle "CBM 137 Extra"]
[Source "ChessBase"]
[SourceDate "2010.09.01"]
[SourceVersion "1"]
[SourceVersionDate "2010.09.01"]
[SourceQuality "1"]

1. e4 c5 2. Nc3 a6 3. Nf3 d6 4. d4 cxd4 5. Nxd4 Nf6 6. g3 Nc6 7. Nde2 e6 8. Bg2 Be7 9. 0-0 0-0 10. h3 Qc7 11. g4 h6 12. f4 Nh7 13. Qe1 g5 14. Kh1 Bd7 15. b3 Rac8 16. Bb2 b5 17. a3 Qb6 18. Rd1 Rfd8 19. Ng3 gxf4 20. Rxf4 Ne5 21. Nh5 Rf8 22. Qg3 Ng6 23. Rff1 Qc5 24. Nf4 Bc6 25. Nd3 Qb6 26. Rd2 Bb7 27. Nd1 Bg5 28. Re2 Rc7 29. c3 Rfc8 30. Qf2 Qxf2 31. Rexf2 Nh4 32. Re2 Nf8 33. N1f2 1/2-1/2

[Event "Oberwart op"]
[Site "Oberwart"]
[Date "2010.07.17"]
[Round "8"]
[White "Lechner, Daniel"]
[Black "Huber, Martin Christian"]
[Result "1-0"]
[WhiteElo "2131"]
[BlackElo "1951"]
[PlyCount "99"]
[EventDate "2010.07.10"]
[EventType "swiss"]
[EventRounds "9"]
[EventCountry "AUT"]
[SourceTitle "CBM 137 Extra"]
[Source "ChessBase"]
[SourceDate "2010.09.01"]
[SourceVersion "1"]
[SourceVersionDate "2010.09.01"]
[SourceQuality "1"]

1. d4 d5 2. c4 c6 3. Nf3 Nf6 4. e3 Bg4 5. Qb3 Qb6 6. Nc3 e6 7. Nh4 Bh5 8. h3 Be7 9. g4 Bg6 10. Nxg6 hxg6 11. Bg2 Na6 12. Bd2 Nh7 13. h4 Nf6 14. g5 Nd7 15. e4 Qxb3 16. axb3 Nb4 17. Kd1 dxc4 18. bxc4 e5 19. d5 Bc5 20. Na4 Bf8 21. Be3 c5 22. Kd2 Na6 23. Bh3 Bd6 24. Bg4 Ke7 25. h5 gxh5 26. Bxh5 b6 27. Nc3 Nc7 28. Bg4 Rxh1 29. Rxh1 Rg8 30. Na4 Na6 31. Ke2 Nb4 32. Kd2 Na6 33. Ra1 Ra8 34. Rh1 Rg8 35. g6 fxg6 36. Be6 Re8 37. Rh7 Kd8 38. Rxg7 Nab8 39. Bf7 Rf8 40. Bxg6 Kc7 41. Bf5 Rh8 42. Nc3 a6 43. Na4 Bf8 44. Rf7 Kd6 45. f4 Rh2+ 46. Kc3 b5 47. fxe5+ Kxe5 48. Bxd7 Kxe4 49. Bxc5 Nxd7 50. Rxd7 1-0